Extrémne príjmy a ich vplyv na miery príjmových nerovností
Analýza citlivosti vybraných indikátorov odhadnutých na základe údajov z databázy EU SILC, ktorá predstavuje referenčný zdroj údajov, ktorý slúži na porovnanie príjmového rozdelenia a sociálnej exklúzie v rámci EÚ.
Gespeichert in:
| 1. Verfasser: | |
|---|---|
| Weitere Verfasser: | |
| Format: | Buchkapitel |
| Sprache: | Slowakisch |
| Schlagworte: | |
| Tags: |
Keine Tags, Fügen Sie das erste Tag hinzu!
|
MARC
| LEADER | 00000naa a2200000 4500 | ||
|---|---|---|---|
| 001 | 0180850 | ||
| 005 | 20220426120714.1 | ||
| 041 | 0 | |a slo | |
| 044 | |a SK | ||
| 245 | 1 | 0 | |a Extrémne príjmy a ich vplyv na miery príjmových nerovností |c Ivan Mojsej, Alena Tartaľová |
| 520 | |a Analýza citlivosti vybraných indikátorov odhadnutých na základe údajov z databázy EU SILC, ktorá predstavuje referenčný zdroj údajov, ktorý slúži na porovnanie príjmového rozdelenia a sociálnej exklúzie v rámci EÚ. | ||
| 610 | 2 | 0 | |a príjmy |
| 610 | 2 | 0 | |a diferenciácia mzdová |
| 610 | 2 | 0 | |a diferenciácia sociálna |
| 610 | 2 | 0 | |a vylúčenie sociálne |
| 610 | 2 | 0 | |a úroveň životná |
| 100 | 1 | |a Mojsej, Ivan | |
| 700 | 1 | |a Tartaľová, Alena | |